Aplikácia procesného prístupu v organizáciách v Slovenskej republike

Salvato in:
Dettagli Bibliografici
Autore principale: Paulová, Iveta
Natura: Capitolo di libro
Lingua:slovacco
Tags: Aggiungi Tag
Nessun Tag, puoi essere il primo ad aggiungerne!!

MARC

LEADER 00000naa$a2200000$$$4500
001 0034822
005 20231018133153.5
041 0 |a slo 
044 |a SK 
245 1 0 |a Aplikácia procesného prístupu v organizáciách v Slovenskej republike  |c Iveta Paulová 
100 1 |a Paulová, Iveta